El ABC del neoliberalismo 2.
Αποθηκεύτηκε σε:
| Κύριος συγγραφέας: | |
|---|---|
| Άλλοι συγγραφείς: | |
| Μορφή: | Βιβλίο |
| Έκδοση: |
Viña del Mar, Chile:
Communes,
2018.
|
| Σειρά: | Intervenciones ;
|
| Θέματα: | |
| Ετικέτες: |
Προσθήκη ετικέτας
Δεν υπάρχουν, Καταχωρήστε ετικέτα πρώτοι!
|
MARC
| LEADER | 00000nam a22000007a 4500 | ||
|---|---|---|---|
| 003 | CL-VaPUC | ||
| 005 | 20241211150201.0 | ||
| 008 | 241121t2018 ||||| |||| 00| 0 spa d | ||
| 999 | |c 445875 |d 445873 | ||
| 020 | |a 978-956-9830-06-8 | ||
| 040 | |c Pontificia Universidad Católica de Valparaíso | ||
| 082 | |a 306.44 DAR 2018 | ||
| 100 | |a Darat, Nicole |e editora |9 894122 | ||
| 245 | 1 | 3 | |a El ABC del neoliberalismo 2. |
| 260 | |a Viña del Mar, Chile: |b Communes, |c 2018. | ||
| 300 | |a 247 páginas. | ||
| 490 | |a Intervenciones ; |n 04. | ||
| 500 | |a c.1.Donación Profesora Irene Renau -Biblioteca de Educación MEMO s/n 20-11-2024 | ||
| 583 | |c 20241121 |k GC | ||
| 650 | 0 | |9 330090 |a Neoliberalismo |x Comunicación y lenguaje |x Lingüística social | |
| 700 | |a Sir Retamales, Hugo |e editor |9 894123 | ||
| 942 | |2 ddc |c BK | ||
| 952 | |0 0 |1 0 |2 ddc |4 0 |6 306_440000000000000_DAR_2018 |7 0 |8 A |9 598192 |a BIBEDU |b BIBEDU |c L_POSLL |d 2024-11-21 |e Donación |i 5663383 |o 306.44 DAR 2018 |p 5663383 |r 2025-01-22 |t 1 |w 2024-11-21 |y BK |k MLA | ||